石川県の難読地名 30コ - Statistics

General Stats
  • This quiz has been taken 36 times
  • The average score is 7 of 30
Answer Stats
漢字 回答 % Correct
珠洲 すず
94%
羽咋 はくい
90%
醒ヶ井町 さめがいちょう
65%
動橋 いぶりはし
48%
四十万 しじま
39%
蚊爪 かがつめ
35%
大河端 おこばた
32%
宇出津 うしつ
32%
安宅 あたか
32%
主計町 かずえまち
23%
土清水 つっちょうず(つしょうず)
23%
長土塀 ながどへ
23%
三馬 みんま
23%
宝立町 ほうりゅうまち
19%
間明 まぎら
16%
上町 かんまち
16%
行町 あるきまち
13%
子浦 しお
13%
利屋町 とぎやまち
13%
稚日野町 わかひのまち
13%
三小牛町 みつこうじまち
13%
廿九日 ひずめ
10%
竹生野 たこの
10%
観音下 かながそ
10%
山川町 やまごまち
10%
折違町 すじかいまち
10%
五十洲 いぎす
6%
百成 どうめき
6%
真久 さんさ
3%
下折 そそり
3%
No matching quizzes found
Score Distribution
Percent of People with Each Score
Percentile by Number Answered
Your Score History
You have not taken this quiz